000 00527nam a2200169Ia 4500
008 090711s9999 xx 000 0 und d
082 _b43800
100 _aदिघे प्रभाकर तुकाजी
245 _aनीरक्षीर
260 _c1981
300 _a252
600 _aदिघे प्रभाकर तुकाजी
630 _aनीरक्षीर
700 _aदिघे प्रभाकर तुकाजी
730 _aनीरक्षीर
942 _cBOOK
999 _c295937
_d295937